|
|
|
|
| LEADER |
00000nam0a2200000 4500 |
| 001 |
359323 |
| 005 |
20231102011159.0 |
| 035 |
|
|
|a (RuTPU)RU\TPU\retro\16595
|
| 090 |
|
|
|a 359323
|
| 100 |
|
|
|a 20201012d m y0rusy50 ca
|
| 101 |
0 |
|
|a rus
|
| 102 |
|
|
|a RU
|
| 105 |
|
|
|a y z 000zy
|
| 200 |
1 |
|
|a [Таблицы о пробах золота и серебра]
|
| 210 |
|
|
|a [Санкт-Петербург]
|
| 215 |
|
|
|a [146] с.
|c табл.
|
| 300 |
|
|
|a Текст в русской дореформенной орфографии
|
| 316 |
|
|
|5 63413507: 16//415
|a На с. [1] экслибрис БКБ
|
| 316 |
|
|
|5 63413507: 16//415
|a На форзаце экслибрис библиотеки ТТИ
|
| 316 |
|
|
|5 63413507: 16//415
|a На форзаце надпись: "От Барнаульск. Каз. библиотеки бесплатно"
|
| 317 |
|
|
|5 63413507: 16//415
|a Поступил в НТБ в 1903 г. в дар от Начальника Алтайского Горного округа в Барнауле А. Ф. Кублицкого-Пиоттух
|
| 606 |
1 |
|
|a Денежное обращение
|2 stltpush
|3 (RuTPU)RU\TPU\subj\36097
|9 57593
|
| 610 |
1 |
|
|a коллекция Колывано-Воскресенских заводов
|
| 610 |
1 |
|
|a пошлины
|
| 610 |
1 |
|
|a золотники
|
| 610 |
1 |
|
|a монеты
|
| 610 |
1 |
|
|a слитки
|
| 610 |
1 |
|
|a международные отношения
|
| 610 |
1 |
|
|a пробы
|
| 610 |
1 |
|
|a владельческие знаки
|
| 686 |
|
|
|a У9(2)262.6
|v LBC/SL-A
|2 rubbk
|
| 801 |
|
1 |
|a RU
|b 63413507
|c 20201012
|
| 942 |
|
|
|c BK
|